00587nam a2200205 a 4500001001300000003000900013005001700022008004100039020002300080082001600103100001900119245008200138260004300220300000900263500003500272505001000307650002500317700001900342700002000361nice12345678IN_TiNIC20260116014023.0120809s2011 lona grp 000 0 eng  a9780415677998c79500a294.54bBER aBerti, Daniela aCultural Entrenchment of Hindutvab Local Mediations and Forms of Convergence aLondon bRoutledge Chapman Hall c2011 a344p aincludes index and biblioraphy2 aIndex aHinduism and Culture1 aNicolas, Jaoul1 aPralay, Kanungo